Les jeux Animal Crossing - Statistiques

Statistiques générales
  • Ce quiz a été pris 16 fois
  • Le résultat moyen est 4 sur 5
Statistiques - réponses
Année Console Jeu % Correct
2012 3DS Animal Crossing: New Leaf
93%
2020 Nintendo Switch Animal Crossing: New Horizon
87%
2002 Gamecube Animal Crossing
67%
2008 Wii Animal Crossing: City Folk
67%
2005 DS Animal Crossing: Wild World
67%
Aucun quiz correspondant
Distribution des résultats
% des personnes avec chaque résultat
Percentile par nombre de réponses
Votre historique - résultats
Vous n’avez pas pris ce quiz